| 000 | 00000nas##2200000za#4500 |
| 001 | 9.503433 |
| 003 | CaOODSP |
| 005 | 20240501092930 |
| 007 | cr ||||||||||| |
| 008 | 150406c2005||||xxc|| p o||||f| |0fre|d |
| 040 | |aCaOODSP|bfre |
| 043 | |an-cn--- |
| 086 | 1 |aPS81-9F-PDF |
| 110 | 2 |aService correctionnel Canada. |
| 245 | 10|aRapport annuel de CORCAN |h[ressource électronique] |
| 260 | |aOttawa - Ontario : |bService correctionnel Canada |
| 310 | |aAnnuel |
| 362 | 1 |a[2004-2005] -- |
| 500 | |a«CORCAN est un organisme de service spécial (OSS) au sein du Service correctionnel du Canada (SCC) dont le mandat consiste à aider à la réinsertion sociale des délinquants.»--Page 5 of 44, Rapport annuel 2005-2006. |
| 775 | 08|tCORCAN annual report |w(CaOODSP)9.507041 |